000 00428nam a2200169Ia 4500
001 11675
003 IN-NITTTR
005 20251114233109.0
008 251113s9999||||xx |||||||||||||| ||eng||
040 _beng
040 _cIN-NITTTR
041 _aeng
082 _a658.40202 A38H
100 _aAggarwala, Dharma Vira
245 0 _aHandbook of management principles and practices /
_cAggarwala, Dharma Vira
942 _2ddc
_cBK
999 _c14311
_d14311